000 00560nam a2200193Ia 4500
003 GCL
008 140319s9999 xx 000 0 ara d
020 _a7624208977
040 _aGCL /
_cGCL
082 0 4 _a813.03
_bر ب
100 1 _aريم بسيونى
245 1 0 _aبائع الفستق :
_bرواية /
_cريم بسيونى
250 _aالاولى
260 _aالقاهرة :
_bمكتبة مدبولى ،
_c2007
300 _a284 ص ؛
_c19 سم
650 0 4 _aالادب العربى
650 0 4 _aالقصص العربية
942 _2ddc
_cBK
999 _c9495
_d9495